| 000 | 00723nam a2200229Ia 4500 | ||
|---|---|---|---|
| 003 | IN-BaIIA | ||
| 008 | 211028s9999 xx 000 0 eng d | ||
| 020 | _a978-0-19-850782-6 | ||
| 040 | _cIIA Library | ||
| 080 |
_a539.1 _bVOL |
||
| 100 |
_aVolovik, Grigory E _927564 |
||
| 245 | 4 |
_aThe universe in a helium droplet _cGrigory E. Volovik |
|
| 260 |
_aOxford _bClarendon Press _c2003 |
||
| 300 | _axx, 509p. | ||
| 490 | _aThe International series of monographs on physics; no. 117 | ||
| 650 |
_aEffective theory _927565 |
||
| 650 |
_aGravity _967 |
||
| 650 |
_aHydrodynamics _91514 |
||
| 650 |
_aQuantum electrodynamics _92630 |
||
| 650 |
_aSuperfluidity _94575 |
||
| 942 | _cBK | ||
| 999 |
_c15108 _d15108 |
||